| 000 | 00336nam a22001457a 4500 | ||
|---|---|---|---|
| 003 | SGT | ||
| 020 | _a9789350486115 | ||
| 082 |
_a923.154 _bC14M |
||
| 100 | _aMAKWANA, KISHORE | ||
| 245 | _aCOMMONMAN NARENDRA MODI | ||
| 260 |
_aINDIA _bPARBHAT PARKASHAN _c2014 |
||
| 300 | _a328 | ||
| 650 | _aPRIME MINISTER OF INDIA | ||
| 942 |
_2ddc _cBK |
||
| 999 |
_c25896 _d25896 |
||